000
00276nam a22001337a 4500
008
180316b xxu||||| |||| 00| 0 eng d
020
_a
0534490344
041
_a
eng
080
_a
575
100
_a
5
101
_a
BIOK
245
_a
Biochemistry
_c
Garrett
942
_2
udc
_c
BK
999
_c
45246
_d
45246